| 000 | 02547cam a22004935i 4500 | ||
|---|---|---|---|
| 001 | 9166082 | ||
| 003 | USPCAS-E | ||
| 005 | 20180118181415.0 | ||
| 006 | m d | ||
| 007 | cr n | ||
| 008 | 110210s2011 gw | s |||| 0|eng d | ||
| 020 | _a9783642197772 | ||
| 020 | _a9783642197765 (print) | ||
| 024 | 7 |
_a10.1007/978-3-642-19777-2 _2doi |
|
| 035 | _a(WaSeSS)ssj0000542062 | ||
| 040 |
_dWaSeSS _c0 |
||
| 050 | 4 | _aTJ265 | |
| 050 | 4 | _aQC319.8-338.5 | |
| 072 | 7 |
_aTGMB _2bicssc |
|
| 072 | 7 |
_aSCI065000 _2bisacsh |
|
| 082 | 0 | 4 |
_a621.4021 _223 _bANN-T 2011 |
| 100 | 1 |
_aAnnaratone, Donatello. _eauthor. |
|
| 210 | 1 | 0 | _aTransient Heat Transfer |
| 245 | 1 | 0 |
_aTransient Heat Transfer _h[electronic resource] / _cby Donatello Annaratone. |
| 260 |
_aLondon: _bSpringer, _cc2011. |
||
| 490 | 1 |
_aSpringerBriefs in Applied Sciences and Technology, _x2191-530X ; _v3 |
|
| 502 | _a0 | ||
| 505 | 0 | _aIntroduction -- General Law of Thermal Conduction -- Heat Diffusion in a Plate of Infinite Thickness -- Heat Diffusion in a Plate of Finite Thickness -- Plate immersed in Fluid -- Plate Heated or Cooled on one Side -- Tube Heated or Cooled on Outside Surface -- Plate Radiated on Both Sides -- Plate Radiated on One Side -- Transient Heat Transfer through a Plane Wall -- Transient Heat Transfer through a Curved Wall (tube). | |
| 506 | _aLicense restrictions may limit access. | ||
| 520 | _aThis book presents a new and direct computational method for transient heat transfer. The approach uses the well-known dimensionless Biot number and a second dimensionless number introduced by the author. The methodology allows for a transient heat transfer calculations without using finite difference programs. The book presents many examples and various tables demonstrating the potential of this new methodology. Many diagrams illustrate the physical phenomena. | ||
| 650 | 0 | _aEngineering. | |
| 650 | 0 | _aHydraulic engineering. | |
| 650 | 1 | 4 | _aEngineering. |
| 650 | 2 | 4 | _aEngineering Thermodynamics, Heat and Mass Transfer. |
| 650 | 2 | 4 | _aEngineering Fluid Dynamics. |
| 710 | 2 | _aSpringerLink (Online service) | |
| 773 | 0 | _tSpringer eBooks | |
| 773 | 0 | _tSpringerLink ebooks - Engineering (2011) | |
| 776 | 0 | 8 |
_iPrinted edition: _z9783642197765 |
| 830 | 0 |
_aSpringerBriefs in Applied Sciences and Technology, _v3 |
|
| 856 | 4 | 0 |
_uhttp://www.columbia.edu/cgi-bin/cul/resolve?clio9166082 _zFull text available from SpringerLink ebooks - Engineering (2011) |
| 910 | _aVendor-generated brief record | ||
| 942 |
_2ddc _cBK |
||
| 999 |
_c355823 _d355823 |
||